| 000 | 00818nam a2200265Ia 4500 | ||
|---|---|---|---|
| 005 | 20260121171149.0 | ||
| 008 | 008 260114s9999 xx 000 0 eng d | ||
| 020 | _a9783030156046 | ||
| 037 | _aEBOOK | ||
| 040 | _aCRL | ||
| 040 | _beng | ||
| 040 | _cCRL | ||
| 041 | _2eng | ||
| 041 | _aeng | ||
| 084 | _qCRL | ||
| 100 |
_aWalter Leal Filho, Amanda Lange Salvia, Rudi W. Pretorius, Luciana Londero Brandli, Evangelos Manolas, Fatima Alves, Ulisses Azeiteiro, Judy Rogers, Chris Shiel, Arminda Do Paco _91072823 |
||
| 245 | 0 | _aUniversities as Living Labs for Sustainable Development | |
| 260 | _bSpringer | ||
| 260 | _bSpringer | ||
| 260 | _c2020 | ||
| 856 | _uhttps://link.springer.com/openurl?genre=book&isbn=978-3-030-15604-6 | ||
| 942 | _cEBOOK | ||
| 999 |
_c1638553 _d1638553 |
||